Logo BPK

Biblioteka

Politechniki Koszalińskiej

Boundary elements X. (Rekord nr 28986)

Szczegóły MARC
000 -ETYKIETA REKORDU
podpole kontrolne o stałej długości 00342nam a2200133 i 4500
001 - NUMER KONTROLNY REKORDU
pole kontrolne bg
040 ## - ŹRÓDŁO KATALOGOWANIA
Instytucja, która utworzyła rekord BPK
041 ## - KOD JĘZYKA
Kod języka tekstu pol
080 ## - UNIWERSALNA KLASYFIKACJA DZIESIĘTNA - UKD
UKD 624:539.3/.6:519.6
008 - POLE O STAŁEJ DŁUGOŚCI - DANE KONTROLNE
podpole kontrolne o stałej długości s pl f |000 0 pol
245 #0 - TYTUŁ/ODPOWIEDZIALNOŚĆ
Tytuł Boundary elements X.
Oznaczenie części/sekcji dzieła Vol. 4,
Tytuł części/sekcji dzieła Geomechanics, wave propagation and vibrations.
260 ## - STREFA ADRESU WYDAWNICZEGO
Miejsce wydania Berlin,
Data publikacji, dystrybucji/powstania dokumentu 1988.
856 ## - LOKALIZACJA I DOSTĘP DO ELEKTRONICZNYCH DOKUMENTÓW ZDALNYCH
Link (URL) http://koha.tu.koszalin.pl/cgi-bin/koha/opac-detail.pl?biblionumber=28986
Tekst linku Katalog online BPK
942 ## - DODATKOWE ELEMENTY (KOHA)
Typ dokumentu Książka
Egzemplarze
Wycofany Status egzemplarza Uszkodzony Dostępność Lokalizacja stała Lokalizacja bieżąca Miejsce przechowywania Sygnatura Kod kreskowy Typ dokumentu
      Dostępny Biblioteka Politechniki Koszalińskiej Biblioteka Politechniki Koszalińskiej Wypożyczalnia BG 35019 01171761 Książka
© 2023 Biblioteka Politechniki Koszalińskiej :: KOHA